| 000 | 00664nam a2200193 a 4500 | ||
|---|---|---|---|
| 008 | 120416s1982 ||||||||||||||||| || u | ||
| 020 | _a0521287758 | ||
| 050 | _aQK 95 Jef | ||
| 100 | _aJeffrey, Charles | ||
| 245 | 1 | 3 | _aAn introduction to plant taxonomy |
| 250 | _a2nd ed. | ||
| 260 |
_aCambridge _bCambridge University Press _c1982 |
||
| 300 | _ax, 154p. : ill. | ||
| 350 | _a0.00 | ||
| 500 | _aIncludes index. -Bibliography: p. [140]-148. | ||
| 650 | _aPLANTS | ||
| 650 | _aPlants--Classification | ||
| 995 |
_D0.00 _FCBU-MAIN LIBRARY (Kitwe) _H1 _I12.95 _M1 _UAVAILABLE _ZMain Library Open Access Collection |
||
| 999 |
_c47938 _d47938 |
||